MDQL
is popping MORE tags! Check the
thread
!
Quizzes
Events
Quiz Creation
Community
Videos
Private Events
Remove Ads
Sign In
Join for FREE
Feedback
Dark Mode
Quiz Categories
Sports
Geography
Music
Movies
Television
Just For Fun
Miscellaneous
History
Literature
Language
Science
Gaming
Entertainment
Religion
Holiday
For Kids
Quiz Lab
Recent
Popular Today
Quiz Kudos Today
Editor Picks
Curator Picks
Quizzes by...
Day
Popularity
Type
Ratings
Length
Year
Community
Subscriptions
Recent Discussions
Orange Saloon
Badges
Playlists
Quests
Create
Leaderboards
Showdown
Live 5
Trivia Bingo
Activity
Puzzle Library
Sporcle Events
Private Events
Virtual Trivia
Globe League
Become a Host
Pub Owners
SporcleCon
Opinionation
Our Games
Videos
Blog
Mobile Apps
Partnerships
Remove Ads and Go Orange
Feedback
Sports
Athletes
MLB
NBA
NHL
NFL
Soccer
Sports Teams
WWE
NCAA
Football
Premier League
Basketball
Baseball
Hockey
Golf
Tennis
Cricket
Rugby
Auto Racing
Olympics
World Cup
Sports
Athletes
MLB
NBA
NHL
NFL
Soccer
Sports Teams
WWE
NCAA
Football
Premier League
Basketball
Baseball
Hockey
Golf
Tennis
Cricket
Rugby
Auto Racing
Olympics
World Cup
Random Quiz
Search Sporcle
×
Quiz Lab
Quiz Lab
Sports
coach
Type in answers that appear in a list
Type in answers that appear in a list
Classic
Best Score? Go Orange.
Every Goalscorer with Deschamps as coach Stats
Can you name the Every Goalscorer with Deschamps as coach?
By
NankerPhelge62
15m
113 Questions
335 Plays
335 Plays
335 Plays
Comments
Comments
Give Quiz Kudos
Give Quiz Kudos
-
- Ratings
hide this ad
Replay
Link that replays current quiz
Next Quiz
Link to next quiz in quiz playlist
You Got
0%
They Got
Avg Score
50%
Avg Friend Score
Upgrade to see
Score Distribution
Jump to the score distribution portion of the page
Score
0/113
Timer
15:00
0
Plays Today
Hint
Answer
% Correct
France
Olivier Giroud
96.1%
France
Antoine Griezmann
94.6%
France
Karim Benzema
91%
Juventus
David Trezeguet
90.7%
France
Paul Pogba
88.7%
Juventus
Alessandro Del Piero
87.8%
AS Monaco
Fernando Morientes
86.3%
Marseille
Fernando Morientes
86.3%
Marseille
André-Pierre Gignac
86%
France
André-Pierre Gignac
86%
Juventus
Pavel Nedved
85.1%
AS Monaco
Ludovic Giuly
84.5%
AS Monaco
Patrice Evra
84.5%
Marseille
André Ayew
84.2%
Marseille
Jordan Ayew
84.2%
France
Blaise Matuidi
84.2%
AS Monaco
Emmanuel Adebayor
83%
France
Raphaël Varane
81.8%
Marseille
Mamadou Niang
81.2%
Marseille
Mathieu Valbuena
80.9%
France
Mathieu Valbuena
80.9%
France
Kylian Mbappé
80.9%
AS Monaco
Dado Prso
80.3%
AS Monaco
Shabani Nonda
79.4%
France
Dimitri Payet
76.7%
Marseille
Lucho Gonzalez
75.2%
France
N'Golo Kanté
73.1%
Marseille
Brandao
71.9%
AS Monaco
Jérôme Rothen
71.6%
France
Laurent Koscielny
71%
AS Monaco
Edouard Cissé
69.9%
Marseille
Edouard Cissé
69.9%
France
Moussa Sissoko
69.9%
France
Samuel Umtiti
69.6%
France
Anthony Martial
69.3%
Marseille
Gabriel Heinze
68.7%
France
Franck Ribéry
68.7%
France
Yohan Cabaye
68.1%
Hint
Answer
% Correct
Marseille
Taye Taïwo
67.8%
France
Alexandre Lacazette
67.5%
France
Samir Nasri
67.2%
Marseille
Loïc Rémy
64.8%
France
Loïc Rémy
64.8%
AS Monaco
Gaël Givet
64.5%
Marseille
Souleymane Diawara
63.9%
France
Kingsley Coman
63%
France
Mamadou Sakho
61.8%
Marseille
Hatem Ben Arfa
61.5%
AS Monaco
Julien Rodriguez
61.2%
AS Monaco
Sébastien Squillaci
59.7%
Marseille
Benoît Cheyrou
59.4%
Juventus
Giorgio Chiellini
57.3%
France
Ousmane Dembelé
56.7%
Marseille
Alou Diarra
55.8%
AS Monaco
Jaroslav Plasil
54.9%
AS Monaco
Ernesto Chevanton
53.4%
AS Monaco
Javier Saviola
52.5%
Marseille
César Azpilicueta
52.5%
Marseille
Bakari Koné
51.9%
France
Nabil Fékir
49%
France
Kévin Gameiro
48.7%
France
Thomas Lemar
48.7%
AS Monaco
Lucas Bernardi
48.4%
AS Monaco
Rafael Marquez
48.4%
France
Bafétimbi Gomis
48.1%
Marseille
Stéphane M'Bia
46.3%
France
Christophe Jallet
46%
France
Djibril Sidibé
45.4%
AS Monaco
Andreas Zikos
43.9%
France
Mathieu Debuchy
43.9%
Juventus
Mauro Camoranesi
43.6%
AS Monaco
Souleymane Camara
40.9%
AS Monaco
Marcelo Gallardo
40.3%
Juventus
Jean-Alain Boumsong
40.3%
Marseille
Charles Kaboré
40.3%
AS Monaco
Mohamed Kallon
40%
Hint
Answer
% Correct
France
Layvin Kurzawa
39.4%
AS Monaco
Oliver Bierhoff
38.5%
AS Monaco
Hugo Ibarra
38.5%
Marseille
Vitorino Hilton
36.7%
AS Monaco
Gerard Lopez Segurra
28.4%
Juventus
Marcelo Zalayeta
27.5%
AS Monaco
Pontus Farnerud
26.9%
France
Abou Diaby
26.9%
Juventus
Valeri Bojinov
26.6%
AS Monaco
Douglas Maicon
24.5%
France
Etienne Capoue
23.9%
Marseille
Fabrice Abriel
23.3%
Marseille
Rod Fanni
21.8%
Marseille
Morgan Amalfitano
21.5%
Marseille
Jérémy Morel
16.7%
AS Monaco
Wagneau Eloi
16.1%
AS Monaco
Hassan El Fakiri
15.2%
AS Monaco
Vladimir Jugovic
14.3%
Marseille
Mamadou Samassa
12.5%
AS Monaco
Alex Nyarko
11.6%
Juventus
Cristiano Zanetti
10.4%
Juventus
Alessandro Birindelli
10.4%
AS Monaco
Toifilou Maoulida
9%
Juventus
Marco Marchionni
9%
AS Monaco
Olivier Kapo
8.7%
Juventus
Paolo De Ceglie
7.5%
AS Monaco
José-Karl Pierre-Fanfan
7.2%
Juventus
Federico Balzaretti
6.9%
Juventus
Raffaele Palladino
6.6%
AS Monaco
David Gigliotti
6%
Juventus
Matteo Paro
6%
AS Monaco
François-Joseph Modesto
5.4%
AS Monaco
Moussa Saïb
5.1%
AS Monaco
Sébastien Carole
3.9%
AS Monaco
Laurent Lanteri
2.7%
AS Monaco
Olivier Veigneau
2.4%
Juventus
Raffaele Bianco
1.8%
Quiz Playlist
Details
Report
Send in Message
Add To Playlist
Classic:
Type in answers that appear in a list
Last Updated: Oct 16, 2017
Quiz Scoreboard
CHALLENGE
Sign Up to Join the Scoreboard
Show All
Scores
Hide
Comments
May contain spoilers
Recently Published
Holiday 10x10 Sorting Gallery
by lukepisani3
Holiday
15m
Two Season TV Shows II
by 123Four
Television
10m
Image Sorting: Flags VI
by Barbecue
Geography
2m
More to Explore
Quiz From the Vault
Featured Blog Post
14 Easter Pick-up Lines to Find Eggs With
hide this ad
You Might Also Like...
Tags
coach
Goal Scorers
Today's Top Quizzes in Sports
Browse Sports
hide this ad
Today's Top Quizzes in coach
Browse coach
Top Contributed Quizzes in Sports
1
Les meilleurs buteurs des matchs entre le PSG et l’OM
2
Les entraîneurs de l'OM et du PSG au 21e siècle
3
2022 World Cup Stars
4
Players with Multiple 50 Home Run Seasons
5
Les joueurs passés par le PSG et l'OM
6
FIFA Club World Cup Champions
7
Top 10 NHL Goal Scorers of All Time
8
Criteria MLB: Left Handed Sluggers
9
Les joueurs passés par le LOSC et le RC Lens
10
2023 MLB Unique Player Accomplishments
Explore More
Trending Topics
Marvel
Kpop
Anime
Harry Potter
NBA
Crossword
Disney
The Office
Song
WWE
Puzzle
Pokémon
NFL
Soccer
Country
hide this ad
More By:
NankerPhelge62
Quiz
Plays
Rating
Category
Featured
Created
2016 NBA Finals Statistical Leaders
8,396
4.24
Sports
Jun 20, 2016
Half Season Champions
8,213
4.74
Sports
Dec 28, 2016
Who wants to be a millionaire?
7,010
4.67
Miscellaneous
Sep 28, 2016
2015-2016 NBA Western Conference Standings
6,941
5.00
Sports
Oct 14, 2016
2015-2016 NBA Eastern Conference Standings
6,307
2.57
Sports
Oct 14, 2016
Go to Creator's Profile
Score Distribution
Quiz Creator Spotlight
NankerPhelge62
Follow
Send a Message
Quizzes Created
-
Created Quiz Play Count
-
More By This Creator
Popular Quizzes Today
1
Find the US States - No Outlines Minefield
2
Colored Red Africa Blitz
3
Find the 'City' Movie
4
The Countries of the World
5
Find the US States
6
5x2 Blitz: Bands
7
Find the Countries of Europe - No Outlines Minefield
8
US States
More Sports Quizzes
Manchester United Premier League 2020/21 XIs (Part 1)
Quiz Lab
Trending Quizzes
Colored Red Europe Blitz I
Colored Red Europe Blitz II
Colored Red Africa Blitz II
Colored Red Europe Blitz III
Colored Red Africa Blitz III
Recently Updated
Odd Team Out - Big 4 Players
pecheneg
Quick Pick: 20 Twenties
pecheneg
March Madness Men's Triple Doubles
pecheneg
How Do You Spell That?
pecheneg
Godzilla Movies
pecheneg
Grab Bag: 4-10 Letters
pecheneg
2024 March Madness Bracket
pecheneg
Famous TV Couples
Peacemaker
Champions League XIs: Real Madrid
pecheneg
Largest US Cities 1790-2010
pecheneg
Trending Topics
NBA
Kpop
Anime
Harry Potter
Crossword
Disney
Marvel
WWE
The Office
Soccer
Song
NFL
Country
Puzzle
Pokémon
Your Account Isn't Verified!
In order to create a playlist on Sporcle, you need to verify the email address you used during registration. Go to your
Sporcle Settings
to finish the process.
Report this User
Report this user for behavior that violates our
Community Guidelines
.
Details:
Send Report
Go to the Sporcle.com Mobile Site →
Comments